Cyclisme : Wout Van Aert Victoires WT - Statistiques

Statistiques générales
  • Ce quiz a été pris 117 fois
    9 depuis la dernière actualisation
  • Le résultat moyen est 26 sur 31
Statistiques - réponses
Année Équipe Indice Réponse % Correct
2020 Team Jumbo-Visma Classique Milan San Remo
100%
2026 Team Visma | Lease a Bike Classique Paris-Roubaix
100%
2019 Team Jumbo-Visma Étape Tour de France
100%
2020 Team Jumbo-Visma Étape Tour de France
100%
2020 Team Jumbo-Visma Étape Tour de France
100%
2021 Team Jumbo-Visma Étape Tour de France
100%
2021 Team Jumbo-Visma Contre-la-montre Tour de France
100%
2021 Team Jumbo-Visma Étape Tour de France
100%
2022 Jumbo-Visma Étape Tour de France
100%
2022 Jumbo-Visma Étape Tour de France
100%
2022 Jumbo-Visma Contre-la-montre Tour de France
100%
2025 Team Visma | Lease a Bike Étape Tour de France
100%
2025 Team Visma | Lease a Bike Étape Tour d'Italie
100%
2019 Team Jumbo-Visma Contre-la-montre Critérium du Dauphiné
88%
2019 Team Jumbo-Visma Étape Critérium du Dauphiné
88%
2020 Team Jumbo-Visma Étape Critérium du Dauphiné
88%
2022 Jumbo-Visma Étape Critérium du Dauphiné
88%
2022 Jumbo-Visma Étape Critérium du Dauphiné
88%
2022 Jumbo-Visma Classique E3 Saxo Bank Classic
88%
2023 Jumbo-Visma Classique E3 Saxo Classic
88%
2024 Team Visma | Lease a Bike Étape Tour d'Espagne
88%
2024 Team Visma | Lease a Bike Étape Tour d'Espagne
88%
2024 Team Visma | Lease a Bike Étape Tour d'Espagne
88%
2022 Jumbo-Visma Contre-la-montre Paris-Nice
75%
2020 Team Jumbo-Visma Classique Strade Bianche
75%
2021 Team Jumbo-Visma Classique Gent-Wevelgem
63%
2021 Team Jumbo-Visma Classique Amstel Gold Race
50%
2022 Jumbo-Visma Classique Omloop Het Nieuwsblad
50%
2021 Team Jumbo-Visma Étape Tirreno-Adriatico
50%
2021 Team Jumbo-Visma Contre-la-montre Tirreno-Adriatico
50%
2022 Jumbo-Visma Classique Bretagne Classic - Ouest-France
38%
Aucun quiz correspondant
Distribution des résultats
% des personnes avec chaque résultat
Percentile par nombre de réponses
Votre historique - résultats
Vous n’avez pas pris ce quiz depuis la dernière actualisation